Normal view
MARC view
Entry Personal Name
001 - CONTROL NUMBER
- control field: 67108
003 - CONTROL NUMBER IDENTIFIER
- control field: dpl
005 - DATE AND TIME OF LATEST TRANSACTION
- control field: 20240530115412.0
008 - FIXED-LENGTH DATA ELEMENTS
- fixed length control field: 240530|| aca||aabn | a|a d
040 ## - CATALOGING SOURCE
- Original cataloging agency: dpl
- Transcribing agency: dpl
100 ## - HEADING--PERSONAL NAME
- Personal name: Ramanujam, Anupama
670 ## - SOURCE DATA FOUND
- Source citation: Work cat.: (dpl)203400: Ramanujam, Anupama, Porcupines in my Pants and Other Craziness/, 2023
